| 000 | 00000nas 2200000za 4500 |
| 001 | 9.503195 |
| 003 | CaOODSP |
| 005 | 20231005134557 |
| 007 | cr ||||||||||| |
| 008 | 150406d20012009xxc|| p o||||f| |0fre|d |
| 040 | |aCaOODSP|bfre |
| 043 | |an-cn--- |
| 086 | 1 |aCH37-4/10F-PDF |
| 110 | 1 |aCanada. |bPatrimoine canadien, |eauteur, |eorganisme de publication. |
| 245 | 10|aConvention internationale sur l'élimination de toutes les formes de discrimination raciale, ... rapports du Canada couvrant la période ... / |cProgramme des droits de la personne, Ministère du Patrimoine canadien. |
| 246 | 3 |aConvention internationale sur l'élimination de toutes les formes de discrimination raciale, ... rapport du Canada couvrant la période ... |
| 264 | 1|bPatrimoine canadien |
| 310 | |aIrrégulier |
| 362 | 1 |aParaît depuis [12e, 1990?]; ne paraît plus après [19e et 20e (de juin 2005 à mai 2009)]. |
| 691 | 07|aDiscrimination raciale|2gcpds |
| 691 | 07|aDroits de la personne|2gcpds |
| 775 | 08|tInternational Convention on the Elimination of All Forms of Racial Discrimination, ... reports of Canada covering the period ... / |w(CaOODSP)9.506800 |